|
|
|
|
| LEADER |
01040nam a2200241 a 4500 |
| 001 |
438579 |
| 008 |
120625s1980 sz b i001 0 eng |
| 010 |
|
|
|a 81460678
|
| 020 |
|
|
|a 9241541261 (pbk.) :
|c 15.00F
|
| 040 |
|
|
|a DLC
|c DLC
|d DLC
|d BD-DhAAL
|
| 050 |
0 |
0 |
|a RB115
|b .W6283 1980
|
| 082 |
0 |
0 |
|a 616/.0012
|2 19
|
| 245 |
0 |
0 |
|a International classification of impairments, disabilities, and handicaps :
|b a manual of classification relating to the consequences of disease.
|
| 260 |
|
|
|a Geneva :
|b World Health Organization ;
|a [Albany, N.Y. :
|b sold by WHO Publications Centre USA],
|c 1980.
|
| 300 |
|
|
|a 205 p. ;
|c 24 cm.
|
| 504 |
|
|
|a Includes bibliographical references and index.
|
| 541 |
|
|
|e 00025492
|
| 650 |
|
0 |
|a Nosology.
|
| 650 |
|
0 |
|a People with disabilities
|x Classification.
|
| 710 |
2 |
|
|a World Health Organization.
|
| 852 |
1 |
|
|a Ayesha Abed Library
|c General shelf.
|
| 999 |
|
|
|c 12426
|d 12426
|
| 952 |
|
|
|0 0
|1 0
|2 ddc
|4 0
|6 616_001200000000000_INT
|7 0
|9 20565
|a JPGSPH
|b JPGSPH
|c GEN
|d 2012-06-26
|l 0
|o 616.0012 INT
|p 3060025492
|r 2012-06-26
|t 1
|w 2012-06-26
|y BK
|